Energy impacts of urban transportation improvements
Na minha lista:
| Autor principal: | |
|---|---|
| Formato: | Livro |
| Idioma: | inglês |
| Publicado em: |
Alexandría
Institute of Transportation Engineers
1980
|
| Assuntos: | |
| Tags: |
Adicionar Tag
Sem tags, seja o primeiro a adicionar uma tag!
|
MARC
| LEADER | 00000nam a2200000 a 4500 | ||
|---|---|---|---|
| 001 | UCU6627 | ||
| 003 | CL-VaPUC | ||
| 008 | 960621e19800000us |||||||||||||||||eng|d | ||
| 082 | 0 | 4 | |a 388.4 |b WAG |2 21 |
| 100 | 0 | |a Wagner, Frederick A |e author |9 364923 | |
| 245 | 1 | 0 | |a Energy impacts of urban transportation improvements |
| 300 | |a 59 p | ||
| 942 | |c BK | ||
| 945 | |d 19960621 00:00:00 |a lriquelm | ||
| 260 | |a Alexandría |b Institute of Transportation Engineers |c 1980 | ||
| 650 | 7 | |a TRANSPORTE |2 CL-VaPUC |9 256365 | |
| 650 | 0 | |a Transporte urbano |9 260307 | |
| 650 | 0 | |a Planificación urbana |9 258176 | |
| 650 | 0 | |a Combustibles |9 271720 | |
| 650 | 7 | |a GASOLINA |2 CL-VaPUC |9 358261 | |
| 583 | |a last modification |c 20171114 01:28:28 |k Rodrigo Vera | ||
| 999 | |c 249476 |d 249474 | ||